Tribhuvan University Central Library

The technology of metallurgy (Record no. 15618)

MARC details
000 -LEADER
fixed length control field 006130000a22002530004500
082 ## - DEWEY DECIMAL CLASSIFICATION NUMBER
Classification number 669
Item number D175t
020 ## - INTERNATIONAL STANDARD BOOK NUMBER
International Standard Book Number 0-02-326900-6
041 ## - LANGUAGE CODE
Language code of text/sound track or separate title Eng
100 ## - MAIN ENTRY--PERSONAL NAME
Personal name Dalton, William K.
245 ## - TITLE STATEMENT
Title The technology of metallurgy
260 ## - PUBLICATION, DISTRIBUTION, ETC. (IMPRINT)
Place of publication, distribution, etc New York
Name of publisher, distributor, etc Macmillan Publishing, USA
260 ## - PUBLICATION, DISTRIBUTION, ETC. (IMPRINT)
Date of publication, distribution, etc 1994
300 ## - PHYSICAL DESCRIPTION
Extent xiv,463p.
Other physical details illus
500 ## - GENERAL NOTE
General note Bibliography given in end of each chapter
518 ## - DATE/TIME AND PLACE OF AN EVENT NOTE
Date/time and place of an event note 981027
530 ## - ADDITIONAL PHYSICAL FORM AVAILABLE NOTE
Additional physical form available note M
650 ## - SUBJECT ADDED ENTRY--TOPICAL TERM
Topical term or geographic name as entry element Metallurgy
650 ## - SUBJECT ADDED ENTRY--TOPICAL TERM
Topical term or geographic name as entry element Metals
650 ## - SUBJECT ADDED ENTRY--TOPICAL TERM
Topical term or geographic name as entry element Iron and steel metallurgy
650 ## - SUBJECT ADDED ENTRY--TOPICAL TERM
Topical term or geographic name as entry element Iron
650 ## - SUBJECT ADDED ENTRY--TOPICAL TERM
Topical term or geographic name as entry element Steel
650 ## - SUBJECT ADDED ENTRY--TOPICAL TERM
Topical term or geographic name as entry element Metallurgical technology
942 ## - ADDED ENTRY ELEMENTS (KOHA)
Koha item type General Collections
Holdings
Withdrawn status Lost status Damaged status Not for loan Home library Current library Date acquired Total Checkouts Barcode Date last seen Price effective from
        Tribhuvan University Central Library Tribhuvan University Central Library 06/20/2010   118128 06/20/2010 06/20/2010